000 00655nam a22002297a 4500
003 UA-OsUOA
001 42713
007 ta
008 20090310b un ||||| |||| 00| 0 ukr d
100 _aКогуська Наталка Л.
090 _a061
_bК57
942 _cBK
040 _aUA-OsUOA
_bukr
_cUA-OsUOA
_dUA-OsUOA
245 _aЧверть століття на громадській ниві 1926-1951
_bІсторія Союзу Українок Канади
300 _a540 с.
955 _a4
041 _aukr
080 _a061
260 _aВінніпег
_c1952
650 7 _a0 Загальний відділ.
_2UDC
999 _c441211
_d441211